Statystyki dla Pokoloruj pisankę przez odgadnięcie flag państw

Kliknij tutaj aby rozwiązać quiz!

Ogólne statystyki

  • Ten quiz został rozwiązany 411 razy
  • Średni wynik to 14 z 21

Odpowiedzi na mapie

Odpowiedzi skodowane kolorowo w zielono-czerwonej skali na mapie do tego quizu, zgodnie z poniższymi procentami.
 

Statystyki odpowiedzi

Colours of flagsOdpowiedź% Poprawnych
Niebieski
Czerwony
Biały
Wielka Brytania
96%
Biały
Czerwony
Polska | Monako | Indonezja
92%
Czerwony
Biały
Japonia
91%
Niebieski
Biały
Grecja
90%
Czerwony
Żółty
Macedonia Północna
90%
Biały
Czerwony
Norwegia
89%
Niebieski
Biały
Izrael
87%
Biały
Niebieski
Czerwony
Panama
76%
Żółty
Niebieski
Czarny
Barbados
73%
Niebieski
Biały
Czerwony
Francja
73%
Czerwony
Biały
Dania
72%
Czerwony
Zielony
Bangladesz
64%
Zielony
Czerwony
Żółty
Mauretania
60%
Czarny
Złoty
Zielony
Jamajka
59%
Czerwony
Biały
Katar
59%
Czerwony
Biały
Bahrajn
54%
Żółty
Niebieski
Palau
47%
Niebieski
Czarny
Biały
Estonia
42%
Niebieski
Biały
Somalia
40%
Czerwony
Niebieski
Pomarańczowy
Armenia
23%
Czerwony
Żółty
Zielony
Gwinea
20%

Rozkład punktacji

Percentyl według liczby udzielonych odpowiedzi

Procent ludzi z każdym wynikiem

Twoja historia wyników

Nie rozwiązałeś tego quizu